Statistiques concernant Coupes du Monde des moins de 20 ans , les finales

Cliquez ici pour prendre le quiz!

Statistiques générales

  • Ce quiz a été pris 54 fois
    (10 depuis la dernière actualisation)
  • Le résultat moyen est 13 sur 18

Statistiques - réponses

Answer% Correct
Argentine
100%
Allemagne de l'Ouest
100%
Brésil
100%
Portugal
100%
France
100%
Angleterre
90%
Espagne
90%
Mexique
90%
Nigeria
80%
Japon
80%
Uruguay
80%
Serbie
60%
Union Soviétique
60%
Yougoslavie
60%
Venezuela
40%
Ghana
30%
Qatar
30%
République Tchèque
20%

Distribution des résultats

Percentile par nombre de réponses

% des personnes avec chaque résultat

Votre développement - résultats

Vous n’avez pas pris ce quiz depuis la dernière actualisation